D. Hermenegildi de Roxas, Jordanis de Tortosa, et Butron ... Tratatus posthumus de incompatibilitate regnorum, ac majoratum ... / (Record no. 163879)
[ view plain ]
| 000 -LEADER | |
|---|---|
| campo de control de longitud fija | 01086nam a2200241 i 4500 |
| 001 - NÚMERO DE CONTROL | |
| campo de control | 163879 |
| 003 - IDENTIFICADOR DE NÚMERO DE CONTROL | |
| campo de control | ES-MaACL |
| 005 - FECHA Y HORA DE LA ÚLTIMA TRANSACCIÓN | |
| campo de control | 20230906212829.0 |
| 008 - DATOS DE LONGITUD FIJA--INFORMACIÓN GENERAL | |
| campo de control de longitud fija | 931025s1745 fr ax |||| | lat d |
| 040 ## - FUENTE DE CATALOGACIÓN | |
| Centro catalogador/agencia de origen | CARM |
| Lengua de catalogación | spa |
| Centro/agencia transcriptor | PAB |
| 100 1# - ENTRADA PRINCIPAL--NOMBRE DE PERSONA | |
| Nombre de persona | Rojas Jordan de Tortosa, Hermenegildo. |
| 9 (RLIN) | 132001 |
| 245 10 - MENCIÓN DEL TÍTULO | |
| Título | D. Hermenegildi de Roxas, Jordanis de Tortosa, et Butron ... Tratatus posthumus de incompatibilitate regnorum, ac majoratum ... / |
| Mención de responsabilidad, etc. | in lucem editus, recognitus & illustratus per D. Franciscum Ximenez, del Aguila Beaumont... |
| 250 ## - MENCION DE EDICION | |
| Mención de edición | Nova editio. |
| 260 ## - PUBLICACIÓN, DISTRIBUCIÓN, ETC. | |
| Lugar de publicación, distribución, etc. | Lugduni : |
| Nombre del editor, distribuidor, etc. | sumptibus Petri Bruyset, & sociorum, |
| Fecha de publicación, distribución, etc. | 1745. |
| 300 ## - DESCRIPCIÓN FÍSICA | |
| Extensión | [28], 370, [62] p. ; |
| Dimensiones | Fol. |
| 597 ## - NOTA DE DESCRIPCIÓN FÍSICA | |
| NOTA DE DESCRIPCIÓN FÍSICA | Sign.: §4, [cruz latina]4, ¯o6, A-Z6, 2A-2N6. |
| 597 ## - NOTA DE DESCRIPCIÓN FÍSICA | |
| NOTA DE DESCRIPCIÓN FÍSICA | Port. a dos tintas con grab. xil. : "Papillon f." |
| 597 ## - NOTA DE DESCRIPCIÓN FÍSICA | |
| NOTA DE DESCRIPCIÓN FÍSICA | Antep. |
| 650 #4 - PUNTO DE ACCESO ADICIONAL DE MATERIA--TÉRMINO DE MATERIA | |
| Término de materia o nombre geográfico como elemento de entrada | Reyes y soberanos- |
| Subdivisión general | Sucesión. |
| 9 (RLIN) | 155183 |
| 700 1# - ENTRADA AGREGADA--NOMBRE PERSONAL | |
| Nombre de persona | Jimenez del Aguila Beaumont, Francisco. |
| 9 (RLIN) | 128306 |
| 740 01 - ENTRADA AGREGADA--TÍTULO RELACIONADO/ANALÍTICO NO CONTROLADO | |
| Título relacionado o analítico no controlado | Tractatus posthumus de incompatibilitate regnorum, ac majoratuum. |
| 852 ## - LOCALIZACIÓN | |
| Ubicación | ES-MaACL |
| Número de control de estantería | R-1550(1) |
| Nota libre | -- Enc. perg. |
| Encuadernación | Olim: G-2980 |
| Estatus retirado | Estado de pérdida | Estado de daño | No para préstamo | Colección | Biblioteca de origen | Biblioteca actual | Ubicación en estantería | Fecha de adquisición | Fuente de adquisición | Total de préstamos | Signatura topográfica completa | Código de barras | Visto por última vez | Precio de reemplazo | Tipo de ítem Koha |
|---|---|---|---|---|---|---|---|---|---|---|---|---|---|---|---|
| Libros del s. XVIII | Biblioteca del Ateneo de Madrid | Biblioteca del Ateneo de Madrid | Depósito | 17/01/2008 | R-1550(1) | 1171749 | 23/02/2023 | 23/02/2023 | Libro impreso antiguo |
